| 000 | 00689 a2200193 4500 | ||
|---|---|---|---|
| 020 | _a0387249753 | ||
| 020 | _a9780387249759 | ||
| 082 | _a519.76 | ||
| 090 |
_c1171 _d1171 |
||
| 100 | 1 | _aSun, Wenyu. | |
| 245 | 1 | 0 |
_aOptimization theory and methods : _bnonlinear programming / _cWenyu Sun, Ya-Xiang Yuan. |
| 260 |
_a[S.l.] : _bSpringer, _c2006. |
||
| 300 |
_a699 p. ; _c24 cm. |
||
| 490 | 1 | _aSpringer optimization and its applications. | |
| 700 | _aYuan, Ya-Xiang | ||
| 830 | _aSpringer optimization and its applications | ||
| 942 |
_aSNS _cBK _k519.76 SUN |
||
| 999 |
_c29784 _d29784 |
||